Economic development with special reference to East Asia : (Record no. 2326)
[ view plain ]
| 000 -LEADER | |
|---|---|
| fixed length control field | 01029cam a22002771 4500 |
| 001 - CONTROL NUMBER | |
| control field | 2326 |
| 003 - CONTROL NUMBER IDENTIFIER | |
| rucl marc code | BD-RjUL |
| 005 - DATE AND TIME OF LATEST TRANSACTION | |
| control field | 20211208233527.0 |
| 008 - FIXED-LENGTH DATA ELEMENTS--GENERAL INFORMATION | |
| fixed length control field | 131211r19661964nyua b 100 0 eng |
| 035 ## - SYSTEM CONTROL NUMBER | |
| System control number | (BD-RjUL)2353 |
| System control number | (OCoLC)1399880 |
| 040 ## - CATALOGING SOURCE | |
| Original cataloging agency | DLC |
| Transcribing agency | OYU |
| Modifying agency | Uk |
| -- | DLC |
| -- | BD-RjUL |
| Language of cataloging | eng |
| 041 ## - LANGUAGE CODE | |
| Language code of text/sound track or separate title | eng |
| 082 00 - DEWEY DECIMAL CLASSIFICATION NUMBER | |
| Classification number | 338.095 |
| Author mark and year | BEE 1966 |
| 100 1# - MAIN ENTRY--PERSONAL NAME | |
| Personal name | Berrill, Kenneth, |
| Dates associated with a name | 1920-2009, |
| 9 (RLIN) | 7541 |
| 245 10 - TITLE STATEMENT | |
| Title | Economic development with special reference to East Asia : |
| Remainder of title | proceedings of a conference held by the International Economic Association / |
| Statement of responsibility, etc. | Kenneth Berrill |
| 260 ## - PUBLICATION, DISTRIBUTION, ETC. (IMPRINT) | |
| Place of publication, distribution, etc. | New York, |
| Name of publisher, distributor, etc. | St. Martin's Press, |
| Date of publication, distribution, etc. | 1964 [Reprinted 1966]. |
| 300 ## - PHYSICAL DESCRIPTION | |
| Pagination | xvi, 434 p. : |
| Illustrations | illus. ; |
| Size | 23 cm. |
| 504 ## - BIBLIOGRAPHY, ETC. NOTE | |
| Bibliography, etc | Bibliographical footnotes and index. |
| 650 #0 - SUBJECT ADDED ENTRY--TOPICAL TERM | |
| Topical term or geographic name as entry element | Economic development |
| Form subdivision | Congresses. |
| 9 (RLIN) | 7542 |
| 651 #0 - SUBJECT ADDED ENTRY--GEOGRAPHIC NAME | |
| Geographic name | East Asia |
| General subdivision | Economic conditions |
| Form subdivision | Congresses. |
| 9 (RLIN) | 7543 |
| Geographic name | Southeast Asia |
| General subdivision | Economic conditions |
| Form subdivision | Congresses. |
| 9 (RLIN) | 7544 |
| 710 2# - ADDED ENTRY--CORPORATE NAME | |
| Corporate name or jurisdiction name as entry element | International Economic Association. |
| 9 (RLIN) | 6849 |
| 942 ## - ADDED ENTRY ELEMENTS (KOHA) | |
| Source of classification or shelving scheme | Dewey Decimal Classification |
| Koha item type | Books |
| Lost status | Source of classification or shelving scheme | Damaged status | Not for loan | Collection code | Permanent Location | Current Location | Shelving location | Date acquired | Source of acquisition | Cost, normal purchase price | Total Checkouts | Full call number | Date last seen | Copy number | Koha item type |
|---|---|---|---|---|---|---|---|---|---|---|---|---|---|---|---|
| Dewey Decimal Classification | Non-fiction | Central Library, University of Rajshahi | Central Library, University of Rajshahi | 08/12/1970 | Swets & Zeit | 70.00 | 338.095 BEE 1966 | 11/12/2013 | C-4 | Books | |||||
| Dewey Decimal Classification | Non-fiction | Central Library, University of Rajshahi | Central Library, University of Rajshahi | 08/12/1970 | Swets & Zeit | 70.00 | 338.095 BEE 1966 | 11/12/2013 | C-3 | Books | |||||
| Dewey Decimal Classification | Not For Loan | Non-fiction | Central Library, University of Rajshahi | Central Library, University of Rajshahi | Reading Room | 04/11/1968 | Zeitlinger | 60.00 | 338.095 BEE 1966 | 18/12/2013 | C-1 | Books | |||
| Dewey Decimal Classification | Non-fiction | Central Library, University of Rajshahi | Central Library, University of Rajshahi | 02/06/1968 | Contenantel Pub. | 54.00 | 338.095 BEE 1966 | 27/07/2016 | C-2 | Books |